| 000 | 00526nam a2200157 i 4500 | ||
|---|---|---|---|
| 001 | 59913 | ||
| 003 | ES-MaACL | ||
| 005 | 20230906164124.0 | ||
| 007 | t| | ||
| 008 | 031031s1972 sp ||||1| spa d | ||
| 245 | 0 | 0 |
_aEscuelas y profesiones _b: guía del estudiante / _credactada por Instituto de Ciencias de la Educación. |
| 260 |
_aBarcelona : _bTeide, _c[1972] |
||
| 300 |
_a74 p. ; _c22 cm. |
||
| 710 | 0 | 0 |
_aUniversidad de Barcelona. _bInstituto de Ciencias de la Educación. _97153 |
| 852 |
_aES-MaACL _jC-43732 _bR.82852 |
||
| 999 |
_c59913 _d59913 |
||